Высшая математика: учебное пособие; в 5 ч.
| Autor principal: | |
|---|---|
| Outros Autores: | |
| Idioma: | russo |
| Publicado em: |
Минск, Высшая школа, 1984
|
| Formato: | Livro |
| KOHA link: | https://koha.lib.tpu.ru/cgi-bin/koha/opac-detail.pl?biblionumber=194094 |
MARC
| LEADER | 00000nam1a2200000 4500 | ||
|---|---|---|---|
| 001 | 194094 | ||
| 005 | 20231031182156.0 | ||
| 035 | |a (RuTPU)RU\TPU\book\211688 | ||
| 090 | |a 194094 | ||
| 100 | |a 20110404d1984 m y0rusy50 ca | ||
| 101 | 0 | |a rus | |
| 102 | |a BY | ||
| 200 | 1 | |a Высшая математика |e учебное пособие |e в 5 ч. |f Р. М. Жевняк, А. А. Карпук | |
| 210 | |a Минск |c Высшая школа |d 1984 | ||
| 700 | 1 | |a Жевняк |b Р. М. |g Ростислав Михайлович | |
| 701 | 1 | |a Карпук |b А. А. |g Андрей Андреевич | |
| 801 | 1 | |a RU |b 63413507 |c 20110404 | |
| 801 | 2 | |a RU |b 63413507 |c 20150416 |g RCR | |
| 942 | |c BK | ||